LEADER 01591nam0-2200445---450- 001 990000283380203316 005 20120410165441.0 010 $a0-521-65480-7 035 $a0028338 035 $aUSA010028338 035 $a(ALEPH)000028338USA01 035 $a0028338 100 $a20001030d1999----||ita|01 ba 101 $aeng$afre 102 $aGB 105 $a|||| ||||| 200 1 $aInternational law, the International court of justice and nuclear weapons$fedited by Laurence Boisson de Chazournes and Philippe Sands 210 $aCambridge$cCambridge university press$d1999 215 $aXXIII, 592 p.$d24 cm 606 $aArmi nucleari$xControllo internazionale 676 $a341.734 702 1$aBOISSON DE CHAZOURNES,$bLaurence 702 1$aSANDS,$bPhilippe 801 0$aIT$bUNFI$c20000512 912 $a990000283380203316 951 $aXXIII.1.L. 323 (IG VIII 9 566)$b26890 G.$cXXIII.1.L. 323 /(G VIII)$d00007033 951 $aXXIII.1.L. 314 (IG VIII 9 559)$b23709 G.$cXXIII.1.L. 314 (IG VIII 9)$d00229957 959 $aBK 969 $aGIU 979 $aTAMI$b40$c20001030$lUSA01$h1723 979 $aTAMI$b40$c20001030$lUSA01$h1726 979 $aTAMI$b40$c20001030$lUSA01$h1727 979 $aTAMI$b40$c20001030$lUSA01$h1729 979 $c20001110$lUSA01$h1716 979 $c20020403$lUSA01$h1636 979 $aPATRY$b90$c20040406$lUSA01$h1620 979 $aRSIAV2$b90$c20091103$lUSA01$h0921 979 $aPATRY$b90$c20120410$lUSA01$h1654 996 $aInternational law , the International court of justice and nuclear weapons$9671512 997 $aUNISA LEADER 02170nam1 22004333i 450 001 MIL0075547 005 20251003044222.0 020 $aIT$b70-6120 100 $a20020910d1970 ||||0itac50 ba 101 | $aita 102 $ait 181 1$6z01$ai $bxxxe 182 1$6z01$an 200 1 $aContrattazione e dinamica dei salari nell'industria italiana$fLuigi Di Vezza, Valentino Seppi$gprefazione di Benedetto Barberi: Teorie del lavoro e problemi delle rilevazioni statistiche di base 210 $aRoma$cCeres$dc1970 215 $a2 v.$cgraf.$d22 cm. 225 | $aStudi sulla dinamica economica$fCentro di ricerche e studi economici, CERES$v3 314 $aprefatore$9CFIV070380 410 0$1001MIL0075558$12001 $aStudi sulla dinamica economica$fCentro di ricerche e studi economici, CERES$v3$171202$aCentro di ricerche economiche e sociali$3CFIV043030 463 1$1001MIL0075565$12000 $a1$fLuigi Di Vezza, Valentino Seppi$v1 463 1$1001MIL0075571$12000 $a2$fLuigi Di Vezza, Valentino Seppi$v2 606 $aLavoratori dell'industria$xTrattamento economico$2FIR$3SBLC129165$9I 676 $a331.21$9ECONOMIA DEL LAVORO. Retribuzioni$v23 676 $a331.210945$9RETRIBUZIONI. ITALIA$v20 696 $aLavoratori$aIndustria$aBuste paga$aRetribuzione 699 $aLavoratori dell'industria$xLavoratori$xIndustria 699 $aTrattamento economico$yBuste paga 699 $aTrattamento economico$zRetribuzione 700 1$aDi Vezza$b, Luigi$3CFIV105140$4070$0239187 701 1$aSeppi$b, Valentino$3MILV051676$4070$0613250 702 1$aBarberi$b, Benedetto$3CFIV070380 801 3$aIT$bIT-000000$c20020910 850 $aIT-BN0095 901 $bNAP 01$cPOZZO LIB.$nVi sono collocati fondi di economia, periodici di ingegneria e scienze, periodici di economia e statistica e altri fondi comprendenti documenti di economia pervenuti in dono. 912 $aMIL0075547 950 1$aBiblioteca Centralizzata di Ateneo$bv. 1-2$cv. 1-2$d 01POZZO LIB.F. SANTI 80 977 $a 01 996 $aContrattazione e dinamica dei salari nell'industria italiana$91141544 997 $aUNISANNIO